| 000 | 00699nam a22001577a 4500 | ||
|---|---|---|---|
| 008 | 160430b xxu||||| |||| 00| 0 eng d | ||
| 082 |
_22013 _aUT 0463 _bF66 |
||
| 100 |
_97187 _aFlores, Maria Cristina B. |
||
| 245 |
_aImplementation of R.A. 9003: the ecological solid waste management act of 200o and the level of participation of selected residents in Barangay Zone 1, Digos City/ _cMaria Cristina B. Flores, Marites M. Pasion and Jeneley A. Amaba. |
||
| 260 |
_aDigos City: _bUMDC _cOctober 2013. |
||
| 300 |
_a74 pages; _c29 cm. |
||
| 650 | 0 |
_97186 _aEducation _vBiological Science _xUndergraduate thesis. |
|
| 700 |
_97184 _aPasion, Marites M. |
||
| 700 |
_97185 _aAmaba, Jeneley A. |
||
| 942 |
_2ddc _cUT |
||
| 999 |
_c2202 _d2202 |
||